LEADER 01132nam a2200277 u 4500 001 000000009180 003 CaOOAMICUS 005 20070226105157.0 008 940516s1953 fr a u000 u fre u 035 $a10232345 040 $aMiU$bita$dMiU$dPUL(R) 082 $a937.09 100 1 $aRiché, Pierre,$d1921-$0(OLS)http://pul/name/9114 245 14$aLes invasions barbares /$cpar Pierre Riché. 260 $aParis :$bPresses Universitaires de France,$c1953. 300 $a124 p. :$billus. ;$c18 cm 490 1 $aQue sais-je? ;$v556 500 $a1. éd. 651 0$aRome$xHistory$yGermanic Invasions, 3rd-6th centuries.$2//eng$0(OLS)http://pul/subject/3825 830 0$aQue sais-je? ;$v556.$0(OLS)http://pul/title/1057 850 $aPUL 852 $aPUL$W1$xDP1 Fondo Cecchetti$y53$m268 C 57$j12950$nBK-PRI$b $qFondi$B12950$CPULBib$Z2$F12950 $HPUL2568 $81 941 1 $a1 996 $6082$a937.09$9(OLS)http://pul/classification/204 996 $6245$aLes invasions barbares$9(OLS)http://pul/title/13492 996 $6260$aParis :$bPresses Universitaires de France$9(OLS)http://pul/publisher/47940 LEADER 01569nam a2200349 a 4500 001 000000140682 003 CaOOAMICUS 005 20141202111334.0 008 141202m20112012it 001 0 ita r 020 $a978-88-8101-747-8 020 $a978-88-8101-961-8 (v. 2) 040 $aPUL$bita 082 04$a342.0852 245 00$aRileggere i maestri /$ca cura di Mario Tedeschi. 260 $aCosenza :$bLuigi Pellegrini$g2011-2012 300 $a2 v. ;$c22 cm 490 1 $aDiritto e religioni ;$v14, 25 504 $aBibliografia in nota. 505 1 $aV. 2. Rileggere i maestri / a cura di Mario Tedeschi e Aldo Mazzacane. 700 1 $aTedeschi, Mario.$0(OLS)http://pul/name/21538 700 1 $aMazzacane, Aldo.$0(OLS)http://pul/name/90685 830 0$aDiritto e religioni ;$v14, 25.$0(OLS)http://pul/title/137314 850 $aPUL 852 $aPUL$W1$xSL Diritto e Scienze Sociali 3$y79$m342. 0852 COLL 1.14$j162486$av. 1$qDDC 21$B162033$CPULBib$Z2$F162033 $H125005 $82 852 $aPUL$W1$xSL Diritto e Scienze Sociali 3$y79$m342. 0852 COLL 1.25$j162493$av. 2$qDDC 21$B162040$CPULBib$Z2$F162040 $H125012 $82 941 1 $a9 996 $6020$a978-88-8101-747-8$9(OLS)http://pul/number/156389 996 $6020$a978-88-8101-961-8 (v. 2)$9(OLS)http://pul/number/156395 996 $6082$a342.0852$9(OLS)http://pul/classification/424 996 $6245$aRileggere i maestri$9(OLS)http://pul/title/178033 996 $6260$aCosenza :$bLuigi Pellegrini$9(OLS)http://pul/publisher/72408